000 00680nam a22001937a 4500
005 20230201052044.0
008 230201b |||||||| |||| 00| 0 eng d
020 _a978-971-9654-19-3
082 _aFil. 302.3 Se487 2016
100 _aSerrano, Angelita C.
_eauthor
245 _aManagement of human behavior in an organization /
_cAngelita Ong Camilar-Serrano, Marivic Francisco Flores
260 _aManila:
_bUnlimited Books Library Services and Publishing,
_cc2016
300 _aviii, 466p.:
_bill.
504 _aIncludes bibliographies
541 _e5947 c.1, 5948 c.2, 5949 c.3
650 _aOrganizational behavior
650 _aHuman behavior
700 _aFlores, Marivic F.
999 _c827
_d827